| 000 | 00652nam a22001937a 4500 | ||
|---|---|---|---|
| 005 | 20230915151629.0 | ||
| 010 | _aENG-138029 | ||
| 020 |
_a9789388881418 _c795.00 |
||
| 035 | _aEN-121561 | ||
| 037 | _bDBAD/PUB | ||
| 082 | _a381.420954 | ||
| 100 |
_aThakur Krishna Kumar _956731 |
||
| 245 |
_a Consume' Decision Making on Online Purchase of Air Tickets / _c Krishan Kumar Thakur and Biju Mani Das |
||
| 260 |
_aAssam _bEBH Publisher _c2020 |
||
| 270 |
_a136, M.L. Nehru Road, Panbazar, Guwahati _bAssam _e781001 |
||
| 300 |
_a120p. _c24cm (HBK) |
||
| 700 |
_aDas Biju Manic _956733 |
||
| 942 |
_2ddc _cEN _h381.1420954 _mTha _e2020 |
||
| 999 |
_c198214 _d198214 |
||